| 000 | 01310nam a22003737a 4500 | ||
|---|---|---|---|
| 003 | CHAP | ||
| 005 | 20220329133355.0 | ||
| 008 | 971013s1990 r 00010 d | ||
| 010 | _a5610 | ||
| 011 | _a6582 | ||
| 035 | _a5802 | ||
| 040 | _cCHAP | ||
| 090 | _aTesis | ||
| 100 | 0 | 0 |
_aChavira Hernández, Ambrosio. _922068 |
| 245 | _aComportamiento de las semillas de maíz (Zea mays L.) frijol (Phaseolus vulgaris L.) y ajonjolí (Sesamum indicum L.) en diferentes ambientes de almacenamiento | ||
| 260 |
_aChapingo, Méx. : _bEl autor, _c1990 |
||
| 300 |
_a176 h. _b: ilus. |
||
| 500 | _a58-152 | ||
| 502 | _aTesis (Ing. Agr. Esp. en Fitotecnia) -- UACH. Departamento de Fitotecnia | ||
| 590 |
_aALEPH _b10 _c20130110 _lUCH01 _h1216 |
||
| 590 |
_aBATCH-UPD _b10 _c20130110 _lUCH01 _h0838 |
||
| 590 |
_aBATCH-UPD _b10 _c20130410 _lUCH01 _h0516 |
||
| 590 |
_aBATCH-UPD _b10 _c20130913 _lUCH01 _h2332 |
||
| 590 |
_aBATCH-UPD _b10 _c20130914 _lUCH01 _h1748 |
||
| 590 |
_aCONVERSION _b10 _c20130109 _lUCH01 _h1304 |
||
| 650 | 1 | 4 |
_aAjonjolí _xSemilla. _93251 |
| 650 | 1 | 4 |
_aFrijol _xSemilla. _943433 |
| 650 | 1 | 4 |
_aMaíz _xSemilla. _971059 |
| 650 | 1 | 4 |
_aSemillas _xAlmacenamiento. _9103875 |
| 700 | 0 |
_aMárquez Jiménez, Luis. _976321 |
|
| 901 | _aBK | ||
| 942 | _cTESIS | ||
| 949 |
_bBC _cTES _d-15400 _eTS1 _h23848 _i5802 _si |
||
| 999 |
_c5610 _d5610 |
||